=LDR 00000nam 2200000 4500 =001 INLIS000000000017454 =005 20221108010337 =035 ##$$a 0010-061300000017454 =008 221108################g##########0#ind## =041 ##$$a Ind =082 ##$$a 616.075 =090 ##$$a 616.075, Kee b =100 ##$$a Kee, Joyce Le Fever =245 1#$$a Pemeriksaan laboratorium : $b Buku saku /$c joyce LeFever Kee, RN, MS =260 ##$$a Jakarta :$b EGC,$c 1997 =300 ##$$a xvi, 409 hlm. ; $c 20 cm =650 #4$$a Hasil Laboratorium =850 ##$$a NBPNMAT =020 ##$$a 979448356 =084 ##$$a 616.075 KEE p =990 ##$$a 20600279 =990 ##$$a 20600280 =990 ##$$a 20600281 =990 ##$$a 20600282 =990 ##$$a 20600006 =990 ##$$a 27772777 =990 ##$$a 20600007 =990 ##$$a 20600279 =990 ##$$a 20600280 =990 ##$$a 20600281 =990 ##$$a 20600282 =990 ##$$a 20600006